Profile: Arya Stark Quiz Stats

 Plays Quiz Updated Jul 26, 2017

Support Sporcle.
Go Orange.
Score 0/41 Timer 05:00
4 Plays Today
Hint Answer % Correct
SisterSansa Stark
95.4%
ParentsLord Eddard Stark
94.3%
Full & Half BrothersJon Snow
94%
Full & Half BrothersBran Stark
92.1%
House SeatWinterfell
91.9%
Full & Half BrothersRobb Stark
90%
House SigilGrey direwolf on white field
89.7%
HomelandThe North
88.9%
Full & Half BrothersRickon Stark
87.6%
AliasesCat of the Canals
85.8%
House Words'Winter is Coming'
85.5%
ParentsLady Catelyn Tully
85.3%
DirewolfNymeria
82.3%
Prayer List (cont'd)Cersei Lannister
78.1%
Prayer List (cont'd)Joffrey Baratheon
70.2%
Aunts & UnclesLysa Tully
66.3%
Prayer ListSer Gregor Clegane
64.4%
First POV chapter in...A Game of Thrones
64.1%
Aunts & UnclesBenjen Stark
64%
Aunts & UnclesLyanna Stark
60.9%
Aunts & UnclesBrandon Stark
60.9%
Hint Answer % Correct
Aunts & UnclesEdmure Tully
57.3%
GrandparentsHoster Tully
49.8%
Prayer List (cont'd)Ser Ilyn Payne
48.9%
GrandparentsRickard Stark
44.2%
AliasesArry
43.8%
Prayer List (cont'd)Ser Meryn Trant
38.2%
Betrothed (later broken)Elmar Frey
35%
Prayer ListThe Tickler
32.8%
Prayer ListPolliver
26.6%
AliasesWeasel
16.5%
Prayer ListRaff the Sweetling
15.9%
GrandparentsMinisa Whent
15.9%
GrandparentsLyarra Stark
15.7%
Prayer List (cont'd)Weese
12.5%
AliasesNan/Nymeria
12.2%
Prayer List (cont'd)Ser Amory Lorch
11.6%
AliasesBeth
9%
Prayer ListDunsen
8.8%
Prayer ListChiswyck
8.7%
AliasesSalty
7.7%

You're not logged in!

Compare scores with friends on all Sporcle quizzes.
OR
Log In
Forgot?

From the Vault

NFL Top 100 Passers (2000s)

by ezman280

If we had a quarter for every quarterback on this list, we'd have 25 dollars.
Remove Ads.
Support Sporcle.
Get the best of Sporcle when you Go Orange. This ad-free experience offers more features, more stats, and more fun while also helping to support Sporcle. Thank you for becoming a member.

Show Comments

Extras

Top Quizzes Today


Score Distribution

Your Account Isn't Verified!

In order to create a playlist on Sporcle, you need to verify the email address you used during registration. Go to your Sporcle Settings to finish the process.

Report this User

Report this user for behavior that violates our Community Guidelines.

Details: